| 000 | 01492nam0a2200373 4500 | ||
|---|---|---|---|
| 001 | RU\NLR\bibl\1454614 | ||
| 005 | 20250615232813.0 | ||
| 010 |
_a978-5-93179-208-8 _9500 |
||
| 021 |
_aRU _b2009-88912 _95599 |
||
| 035 | _a(nilc)RSL-KNO-004407417 | ||
| 035 | _a(NLR Aleph) 001446422 | ||
| 090 |
_a1495495 _c1495495 |
||
| 100 | _a20091105d2009 |||y0rusy50 ca | ||
| 101 | 0 | _arus | |
| 102 | _aRU | ||
| 105 | _ay ||||||||| | ||
| 200 | 1 |
_aТеократический фактор в политике _eмонография _fЕ. А. Тюрин _gФедеральное агентство по образованию, Гос. образовательное учреждение высш. проф. образования "Орловская региональная акад. гос. службы" |
|
| 210 |
_aОрел _cИзд-во ОРАГС _d2009 |
||
| 215 |
_a179, [1] с. _d21 |
||
| 320 | _aБиблиогр.: с. 169-179 (183 назв.) и в подстроч. прим. | ||
| 606 | 1 |
_aТеократическое государство _92161448 _3RU\NLR\auth\661300778 |
|
| 610 | 0 | _aислам | |
| 686 |
_aС555.566,0 _2rubbk |
||
| 686 |
_aЭ211.5,0 _2rubbk |
||
| 686 | _aЭ211.00 | ||
| 686 | _aФ3(0)15 | ||
| 686 | _aХ020.13 | ||
| 700 | 1 |
_aТюрин _bЕ. А. _gЕвгений Анатольевич _4070 |
|
| 801 | 0 |
_aRU _bРГБ _c20091105 _grcr |
|
| 801 | 1 |
_aRU _bРГБ _c20091105 |
|
| 801 | 2 |
_aRU _bNLR _c20091217 _grcr |
|
| 942 | _cBOOK | ||
| 980 | _aNB | ||